Khảo sát cấu trúc và các tính chất nhiệt động lực học của mô hình Silicene dưới ảnh hưởng của áp suất cao : Luận văn Thạc sĩ Vật lý. Chuyên ngành Vật lý lý thuyết và Vật lý toán

Mô phỏng động lực học phân tử quá trình nén dưới áp suất cao mô hình Si một lớp nguyên tử lỏng và vô định hình gồm 10000 nguyên tử dưới thế tương tác Stillinger-Weber.

Na minha lista:
Detalhes bibliográficos
Autor principal: Nguyễn, Lâm Thùy Dương
Formato: Livro
Idioma:Undetermined
Publicado em: Cần Thơ Trường Đại học Cần Thơ 2017
Assuntos:
Tags: Adicionar Tag
Sem tags, seja o primeiro a adicionar uma tag!
Thư viện lưu trữ: Trung tâm Học liệu Trường Đại học Cần Thơ
LEADER 01164nam a2200205Ia 4500
001 CTU_224760
008 210402s9999 xx 000 0 und d
082 |a 621.38152 
082 |b D561 
100 |a Nguyễn, Lâm Thùy Dương 
245 0 |a Khảo sát cấu trúc và các tính chất nhiệt động lực học của mô hình Silicene dưới ảnh hưởng của áp suất cao : 
245 0 |b Luận văn Thạc sĩ Vật lý. Chuyên ngành Vật lý lý thuyết và Vật lý toán 
245 0 |c Nguyễn Lâm Thùy Dương ; Võ Văn Hoàng (Người hướng dẫn) 
260 |a Cần Thơ 
260 |b Trường Đại học Cần Thơ 
260 |c 2017 
520 |a Mô phỏng động lực học phân tử quá trình nén dưới áp suất cao mô hình Si một lớp nguyên tử lỏng và vô định hình gồm 10000 nguyên tử dưới thế tương tác Stillinger-Weber. 
650 |a Chất bán dẫn,Semiconductors 
910 |b nthai 
980 |a Trung tâm Học liệu Trường Đại học Cần Thơ